[Event "Heusenstamm Schloss op"]
[Site "Heusenstamm"]
[Date "2022.11.20"]
[Round "7"]
[White "Kuerschner, Matthias"]
[Black "Roeschlau, Bernd"]
[Result "1-0"]
[WhiteElo "1990"]
[BlackElo "2214"]
[PlyCount "113"]
[EventDate "2022.11.17"]
[EventType "swiss"]
[EventRounds "7"]
[EventCountry "GER"]
[SourceTitle "CBM 212 Extra"]
[Source "ChessBase"]
[SourceDate "2023.03.31"]
[SourceVersion "1"]
[SourceVersionDate "2023.03.31"]
[SourceQuality "1"]

1. e4 e5 2. Bc4 Nf6 3. Nf3 Nc6 4. Ng5 d5 5. exd5 Na5 6. Bb5+ c6 7. dxc6 bxc6 8. Qf3 h6 9. Ne4 Nd5 10. Ba4 Be7 11. d3 0-0 12. 0-0 f5 13. Ng3 Be6 14. Qe2 Qc7 15. f3 Rae8 16. Nc3 Bc5+ 17. Kh1 Nf4 18. Qe1 Nb7 19. Nge2 Nd8 20. Nxf4 exf4 21. Qh4 g5 22. Qh5 Kg7 23. Bb3 Bd7 24. Bd2 Re7 25. Na4 Be8 26. Bc3+ Kh7 27. Qh3 Be3 28. d4 Kg6 29. Bb4 Rh8 30. Bxe7 Qxe7 31. Rae1 h5 32. g3 Qf6 33. gxf4 Bxf4 34. Nc5 Bd6 35. Nb7 Bd7 36. Nxd6 Qxd6 37. c3 c5 38. d5 h4 39. c4 Qf6 40. Qg2 h3 41. Qf2 Qd6 42. Rg1 Nf7 43. Ba4 Bc8 44. Qe3 f4 45. Bc2+ Kg7 46. Qe7 Qxe7 47. Rxe7 Kf6 48. Rge1 g4 49. R7e4 Kg5 50. fxg4 Bxg4 51. Bd1 Nd6 52. Re5+ Bf5 53. b3 Kh4 54. Bf3 a5 55. Rg1 a4 56. Rxf5 Nxf5 57. Rg4+ 1-0

[Event "Hessenliga 1819"]
[Site "Hessen"]
[Date "2019.04.07"]
[Round "8.4"]
[White "Lenz, Jonas"]
[Black "Roeschlau, Bernd"]
[Result "1-0"]
[WhiteElo "2058"]
[BlackElo "2222"]
[PlyCount "81"]
[EventDate "2018.09.23"]
[EventType "team-tourn"]
[EventRounds "9"]
[EventCountry "GER"]
[SourceTitle "EXT 2020"]
[Source "ChessBase"]
[SourceDate "2019.10.17"]
[SourceVersion "1"]
[SourceVersionDate "2019.10.17"]
[SourceQuality "1"]
[WhiteTeam "Bad Homburg"]
[BlackTeam "Frankfurt BvK"]
[WhiteTeamCountry "GER"]
[BlackTeamCountry "GER"]

1. d4 Nf6 2. c4 e6 3. g3 Bb4+ 4. Bd2 Be7 5. Bg2 0-0 6. Nf3 d5 7. 0-0 c5 8. cxd5 exd5 9. Nc3 Nc6 10. dxc5 Bg4 11. Bg5 d4 12. Na4 h6 13. Bf4 Qd7 14. Ne5 Nxe5 15. Bxe5 d3 16. Qb3 dxe2 17. Rfe1 Qf5 18. Bxf6 Qxf6 19. h3 Be6 20. Qxb7 Rab8 21. Qe4 Rfd8 22. Qxe2 Qd4 23. c6 Bd6 24. b3 Re8 25. Rad1 Qb4 26. Qc2 Rbc8 27. Re4 Qb8 28. Red4 Be5 29. R4d2 h5 30. Nc5 h4 31. f4 Bc7 32. f5 Bb6 33. fxe6 Rxe6 34. Kh1 Re3 35. Ne4 Qe5 36. Rf1 Kh8 37. Nd6 Rf8 38. Nxf7+ Rxf7 39. Rxf7 Re1+ 40. Bf1 Qd5+ 41. Rxd5 1-0

[Event "Hessenliga 1718"]
[Site "Hessen"]
[Date "2018.01.28"]
[Round "6.4"]
[White "Meffert, Matthias"]
[Black "Roeschlau, Bernd"]
[Result "1-0"]
[WhiteElo "2076"]
[BlackElo "2222"]
[PlyCount "35"]
[EventDate "2017.09.17"]
[EventType "team-tourn"]
[EventRounds "9"]
[EventCountry "GER"]
[SourceTitle "CBM 189 Extra"]
[Source "ChessBase"]
[SourceDate "2019.06.03"]
[SourceVersion "1"]
[SourceVersionDate "2019.06.03"]
[SourceQuality "1"]
[WhiteTeam "Niederbrechen"]
[BlackTeam "Frankfurt BvK"]
[WhiteTeamCountry "GER"]
[BlackTeamCountry "GER"]

1. d4 e6 2. Bf4 Ne7 3. Nf3 b6 4. e4 Bb7 5. Bd3 Ng6 6. Bg3 c5 7. c3 cxd4 8. cxd4 Nc6 9. Nc3 Bb4 10. Rc1 d5 11. a3 Bxc3+ 12. Rxc3 0-0 13. 0-0 a6 14. Qc2 Rc8 15. Rc1 b5 16. exd5 Qxd5 17. Be4 Qd7 18. Bxc6 1-0

[Event "Hessenliga 1718"]
[Site "Hessen"]
[Date "2017.09.17"]
[Round "1.4"]
[White "Kaiser, Richard1111"]
[Black "Roeschlau, Bernd"]
[Result "1-0"]
[WhiteElo "2147"]
[BlackElo "2222"]
[PlyCount "53"]
[EventDate "2017.09.17"]
[EventType "team-tourn"]
[EventRounds "9"]
[EventCountry "GER"]
[SourceTitle "CBM 189 Extra"]
[Source "ChessBase"]
[SourceDate "2019.06.03"]
[SourceVersion "1"]
[SourceVersionDate "2019.06.03"]
[SourceQuality "1"]
[WhiteTeam "Bad Homburg"]
[BlackTeam "Frankfurt BvK"]
[WhiteTeamCountry "GER"]
[BlackTeamCountry "GER"]

1. e4 e6 2. d4 d5 3. e5 c5 4. c3 Nc6 5. Nf3 Bd7 6. Be3 Qb6 7. Qd2 Nh6 8. Bd3 c4 9. Be2 Nf5 10. 0-0 Nxe3 11. fxe3 f6 12. exf6 gxf6 13. Ne1 Bg7 14. Bh5+ Kf8 15. e4 dxe4 16. Na3 Ne5 17. Kh1 Nd3 18. Nxc4 Qb5 19. Nxd3 Qxh5 20. Nc5 Qd5 21. Ne5 Be8 22. c4 Qd6 23. Nxe4 Qe7 24. Nxf6 Qxf6 25. Rxf6+ Bxf6 26. Rf1 Kg7 27. Ng4 1-0

[Event "Frankfurt-ch"]
[Site "Frankfurt"]
[Date "2011.05.23"]
[Round "4"]
[White "Roeschlau, Bernd"]
[Black "Richter, Tobias"]
[Result "1-0"]
[WhiteElo "2226"]
[BlackElo "2099"]
[PlyCount "85"]
[EventDate "2011.05.02"]
[EventType "swiss"]
[EventRounds "7"]
[EventCountry "GER"]
[SourceTitle "EXT 2012"]
[Source "ChessBase"]
[SourceDate "2011.11.24"]
[SourceVersion "1"]
[SourceVersionDate "2011.11.24"]
[SourceQuality "1"]

1. e4 e5 2. Nf3 Nc6 3. Bb5 a6 4. Ba4 Nf6 5. 0-0 Be7 6. Re1 b5 7. Bb3 0-0 8. Nc3 d6 9. h3 Na5 10. d3 c5 11. Bg5 Bb7 12. Bxf6 Bxf6 13. Bd5 Nc6 14. a3 Qc7 15. Ba2 Ne7 16. Nh2 b4 17. Ne2 g6 18. Qd2 bxa3 19. bxa3 d5 20. Ng3 Bg7 21. Rab1 Rad8 22. Qg5 f5 23. exf5 Nxf5 24. Nxf5 gxf5 25. Nf3 Rde8 26. Nxe5 Ba8 27. Nf3 Qd7 28. Nh4 Re6 29. Re3 Kh8 30. Rxe6 Qxe6 31. Qh5 Bd4 32. Kf1 Bc3 33. Nf3 Re8 34. Kg1 Qg6 35. Qxg6 hxg6 36. Rb6 a5 37. Rxg6 Re2 38. Bb3 Kh7 39. Ra6 c4 40. Ba4 cxd3 41. cxd3 Bb2 42. Rxa8 Bxa3 43. Rxa5 1-0

[Event "Frankfurt-ch"]
[Site "Frankfurt"]
[Date "2010.04.26"]
[Round "1"]
[White "Budde, Michael"]
[Black "Roeschlau, Bernd"]
[Result "0-1"]
[WhiteElo "1688"]
[BlackElo "2226"]
[PlyCount "88"]
[EventDate "2010.04.26"]
[EventType "swiss"]
[EventRounds "7"]
[EventCountry "GER"]
[SourceTitle "EXT 2011"]
[Source "ChessBase"]
[SourceDate "2010.11.26"]
[SourceVersion "1"]
[SourceVersionDate "2010.11.26"]
[SourceQuality "1"]

1. e4 c5 2. Nf3 d6 3. Nc3 Nf6 4. d4 cxd4 5. Nxd4 a6 6. Bd3 g6 7. 0-0 Bg7 8. f4 Qb6 9. Kh1 Qxd4 10. Bb5+ Nfd7 11. Bd3 Qb6 12. Nd5 Qd8 13. Be3 e6 14. Nc3 Nc6 15. Qd2 Nf6 16. f5 Ng4 17. Bg5 Bf6 18. Bxf6 Nxf6 19. Qh6 Qe7 20. fxg6 fxg6 21. Rae1 Ne5 22. Rf2 Nh5 23. Rff1 Bd7 24. Be2 0-0-0 25. Qe3 Bc6 26. b4 Rhf8 27. a4 Rxf1+ 28. Rxf1 Rf8 29. Rb1 Nf4 30. b5 Nxe2 31. bxc6 Nxc3 32. cxb7+ Qxb7 33. Qxc3+ Qc6 34. Qb3 Kd7 35. Qe3 h5 36. Qa7+ Qc7 37. Qxa6 Rb8 38. Rd1 Nc4 39. h3 Ke7 40. Rf1 Ne3 41. Rf2 h4 42. e5 dxe5 43. Qe2 Rb1+ 44. Kh2 e4+ 0-1

[Event "BL2-West 0506"]
[Site "Germany"]
[Date "2006.01.15"]
[Round "5.5"]
[White "Richter, Christian"]
[Black "Roeschlau, Bernd"]
[Result "1-0"]
[WhiteElo "2435"]
[BlackElo "2236"]
[PlyCount "77"]
[EventDate "2005.10.23"]
[EventType "team-tourn"]
[EventRounds "9"]
[EventCountry "GER"]
[SourceTitle "EXT 2007"]
[Source "ChessBase"]
[SourceDate "2006.11.23"]
[SourceVersion "1"]
[SourceVersionDate "2006.11.23"]
[SourceQuality "1"]
[WhiteTeam "Emsdetten Turm"]
[BlackTeam "Oberursel"]
[WhiteTeamCountry "GER"]
[BlackTeamCountry "GER"]

1. d4 Nf6 2. Nf3 g6 3. g3 Bg7 4. Bg2 d5 5. 0-0 0-0 6. c4 dxc4 7. Na3 Nc6 8. Nxc4 Be6 9. b3 Bd5 10. Bb2 a5 11. e3 a4 12. Qe2 Ra6 13. Rfd1 Qa8 14. Ncd2 Ne4 15. Ng5 a3 16. Ndxe4 axb2 17. Qxb2 h6 18. Nh3 e5 19. Nf6+ Bxf6 20. Bxd5 exd4 21. e4 Nb4 22. Qd2 Nxd5 23. exd5 g5 24. f4 Qd8 25. Rac1 Qxd5 26. Rxc7 Rd8 27. Nf2 gxf4 28. Ng4 Bg7 29. Rf1 h5 30. Nf2 fxg3 31. hxg3 Rg6 32. Nh1 Bh6 33. Qd3 Be3+ 34. Kh2 h4 35. Kh3 hxg3 36. Nxg3 Rh6+ 37. Kg4 Rg6+ 38. Kh3 Rh6+ 39. Kg4 1-0

[Event "BL2-West 0506"]
[Site "Germany"]
[Date "2005.12.11"]
[Round "4.6"]
[White "Burkart, Patrick"]
[Black "Roeschlau, Bernd"]
[Result "1-0"]
[WhiteElo "2336"]
[BlackElo "2236"]
[PlyCount "81"]
[EventDate "2005.10.23"]
[EventType "team-tourn"]
[EventRounds "9"]
[EventCountry "GER"]
[SourceTitle "EXT 2007"]
[Source "ChessBase"]
[SourceDate "2006.11.23"]
[SourceVersion "1"]
[SourceVersionDate "2006.11.23"]
[SourceQuality "1"]
[WhiteTeam "Hofheim"]
[BlackTeam "Oberursel"]
[WhiteTeamCountry "GER"]
[BlackTeamCountry "GER"]

1. d4 Nf6 2. Bg5 c5 3. Bxf6 gxf6 4. d5 Qb6 5. Qc1 f5 6. g3 Bh6 7. e3 e5 8. Nd2 0-0 9. c3 Qd6 10. c4 b5 11. Qc2 e4 12. Rd1 Na6 13. a3 b4 14. a4 Qe5 15. b3 Qc3 16. Rc1 Bg7 17. Ne2 Qe5 18. Bg2 Rb8 19. 0-0 Bh6 20. Nf4 Bxf4 21. exf4 Qg7 22. Bh3 Qg6 23. Rfe1 Qh5 24. Kg2 Rb6 25. Qd1 Qg6 26. f3 e3 27. Rxe3 Qh5 28. g4 Qh4 29. Qe1 Qh6 30. Qg3 Rg6 31. g5 Qg7 32. Bxf5 Qb2 33. Rc2 Qd4 34. Re4 Qd3 35. Re5 Qd4 36. Re4 Qd3 37. Re5 Qd4 38. Bxg6 fxg6 39. Ne4 d6 40. Re7 Bf5 41. Re2 1-0

[Event "Frankfurt-ch"]
[Site "Frankfurt"]
[Date "2005.06.06"]
[Round "6"]
[White "Roeschlau, Bernd"]
[Black "Malek, Daniel"]
[Result "1-0"]
[WhiteElo "2190"]
[BlackElo "2254"]
[PlyCount "91"]
[EventDate "2005.04.25"]
[EventType "swiss"]
[EventRounds "7"]
[EventCountry "GER"]
[SourceTitle "EXT 2006"]
[Source "ChessBase"]
[SourceDate "2005.11.24"]
[SourceVersion "1"]
[SourceVersionDate "2005.11.24"]
[SourceQuality "1"]

1. e4 e6 2. d4 d5 3. Nc3 Bb4 4. e5 c5 5. a3 Bxc3+ 6. bxc3 Ne7 7. Qg4 0-0 8. Bd3 f5 9. exf6 Rxf6 10. Bg5 Rf7 11. Qh5 g6 12. Qd1 Nbc6 13. Nf3 Qf8 14. Qd2 cxd4 15. Bh6 dxc3 16. Qg5 Qd8 17. h4 Nf5 18. h5 Qxg5 19. Nxg5 Rf6 20. hxg6 hxg6 21. 0-0-0 Ne5 22. Bxf5 gxf5 23. Rh5 Ng4 24. Rdh1 Rxh6 25. Rxh6 Nxh6 26. Rxh6 Bd7 27. Rh7 Bc6 28. Re7 Kf8 29. Rf7+ Ke8 30. Rh7 Rd8 31. Nxe6 Rd6 32. Ng7+ Kd8 33. Nxf5 Rf6 34. g4 Bd7 35. Kd1 Bxf5 36. gxf5 Kc8 37. Rh5 Kd7 38. Ke2 Kd6 39. Ke3 Kc5 40. Kf4 d4 41. Ke5 Rf8 42. f6 Re8+ 43. Kf5 d3 44. f7 Rf8 45. Ke6+ Kd4 46. Rd5+ 1-0

[Event "Hessen-ch MT"]
[Site "Offenbach"]
[Date "2005.03.30"]
[Round "4"]
[White "Reschke, Stefan"]
[Black "Roeschlau, Bernd"]
[Result "1-0"]
[WhiteElo "2355"]
[BlackElo "2276"]
[PlyCount "129"]
[EventDate "2005.03.28"]
[EventType "swiss"]
[EventRounds "9"]
[EventCountry "GER"]
[SourceTitle "EXT 2006"]
[Source "ChessBase"]
[SourceDate "2005.11.24"]
[SourceVersion "1"]
[SourceVersionDate "2005.11.24"]
[SourceQuality "1"]

1. d4 Nf6 2. Nf3 g6 3. Bg5 Bg7 4. c3 d6 5. Nbd2 h6 6. Bh4 g5 7. Bg3 Nh5 8. e3 e6 9. Ng1 Nxg3 10. hxg3 Qe7 11. Qc2 Nd7 12. Bd3 Nb6 13. a4 Bd7 14. Ne2 a5 15. Qb3 h5 16. Bb5 0-0-0 17. Bxd7+ Qxd7 18. Qb5 f5 19. Qxa5 Qc6 20. f3 Nd5 21. Kf2 b6 22. Qa6+ Kd7 23. Qb5 Qxb5 24. axb5 Bf6 25. e4 fxe4 26. Nxe4 Be7 27. Ra4 Rdf8 28. c4 Nf6 29. Nxf6+ Bxf6 30. Ke3 h4 31. g4 e5 32. dxe5 Bxe5 33. Nc3 Bxc3 34. bxc3 Rf4 35. Kf2 Re8 36. Rd1 Ref8 37. Rd4 h3 38. Kg1 hxg2 39. Rxf4 Rxf4 40. Kxg2 d5 41. Kf2 Ke7 42. Ke3 Kf6 43. Rb4 dxc4 44. Rb1 Ke5 45. Rd1 c6 46. bxc6 Rf6 47. c7 Rc6 48. Rd7 Rc5 49. Rf7 Ke6 50. Rg7 b5 51. Rxg5 Rxc7 52. Rxb5 Rd7 53. Rb6+ Kf7 54. Ke4 Rd3 55. f4 Rxc3 56. Rc6 Rc1 57. Kf5 c3 58. Rc7+ Ke8 59. g5 Kd8 60. Rc5 Ke7 61. Kg6 Rf1 62. Rc7+ Ke6 63. Rxc3 Rxf4 64. Re3+ Kd7 65. Kg7 1-0

[Event "Hessen-ch MT"]
[Site "Offenbach"]
[Date "2005.03.29"]
[Round "3"]
[White "Roeschlau, Bernd"]
[Black "Schlamp, Robert"]
[Result "0-1"]
[WhiteElo "2276"]
[BlackElo "2329"]
[PlyCount "82"]
[EventDate "2005.03.28"]
[EventType "swiss"]
[EventRounds "9"]
[EventCountry "GER"]
[SourceTitle "EXT 2006"]
[Source "ChessBase"]
[SourceDate "2005.11.24"]
[SourceVersion "1"]
[SourceVersionDate "2005.11.24"]
[SourceQuality "1"]

1. d4 Nf6 2. c4 g6 3. Nf3 Bg7 4. g3 0-0 5. Bg2 d6 6. 0-0 Nc6 7. Nc3 a6 8. b3 Bd7 9. h3 Rb8 10. a4 e5 11. e3 Re8 12. Ba3 exd4 13. exd4 Ne4 14. Nd5 b5 15. Ra2 bxc4 16. bxc4 Na5 17. Qc2 c6 18. Nf4 c5 19. Re1 f5 20. Bb2 Nc6 21. Nd5 cxd4 22. Ba3 Be6 23. Rxe4 fxe4 24. Qxe4 Bf5 25. Qf4 d3 26. Bxd6 Rb1+ 27. Kh2 Re4 28. Bc7 Rxf4 29. Bxd8 Rxf3 30. Bxf3 Nxd8 31. Ne7+ Kf8 32. Nxf5 gxf5 33. Rd2 Rb3 34. g4 Bh6 35. Rd1 d2 36. Kg2 Ne6 37. gxf5 Nf4+ 38. Kg3 Ne2+ 39. Kg4 Rxf3 40. Kxf3 Nc3 41. Rxd2 Bxd2 0-1

[Event "Hessen-ch MT"]
[Site "Offenbach"]
[Date "2005.03.29"]
[Round "2"]
[White "Stockmann, Michael"]
[Black "Roeschlau, Bernd"]
[Result "0-1"]
[WhiteElo "2238"]
[BlackElo "2276"]
[PlyCount "62"]
[EventDate "2005.03.28"]
[EventType "swiss"]
[EventRounds "9"]
[EventCountry "GER"]
[SourceTitle "EXT 2006"]
[Source "ChessBase"]
[SourceDate "2005.11.24"]
[SourceVersion "1"]
[SourceVersionDate "2005.11.24"]
[SourceQuality "1"]

1. d4 Nf6 2. c4 g6 3. g3 Bg7 4. Bg2 d5 5. cxd5 Nxd5 6. e4 Nb6 7. Ne2 0-0 8. Nbc3 a5 9. h4 Nc6 10. d5 Ne5 11. Nd4 c5 12. Ndb5 a4 13. Bf4 Nbc4 14. Qe2 Bg4 15. f3 Bd7 16. 0-0 Qb6 17. Na3 Qxb2 18. Qxb2 Nxb2 19. Rab1 Ned3 20. Bd2 Rfb8 21. Ncb5 Ra6 22. f4 Rb6 23. Nc7 Rc8 24. Ba5 Bd4+ 25. Kh2 c4 26. d6 Rxd6 27. e5 Rc6 28. Bxc6 bxc6 29. Nc2 Ba7 30. Bc3 a3 31. Na6 Nf2 0-1

[Event "BL2-Ost 0405"]
[Site "Germany"]
[Date "2005.01.31"]
[Round "6.2"]
[White "Vavra, Pavel"]
[Black "Roeschlau, Bernd"]
[Result "0-1"]
[WhiteElo "2392"]
[BlackElo "2283"]
[PlyCount "53"]
[EventDate "2004.10.24"]
[EventType "team-tourn"]
[EventRounds "9"]
[EventCountry "GER"]
[SourceTitle "EXT 2007"]
[Source "ChessBase"]
[SourceDate "2006.11.23"]
[SourceVersion "1"]
[SourceVersionDate "2006.11.23"]
[SourceQuality "1"]
[WhiteTeam "Wuerzburg"]
[BlackTeam "Oberursel"]
[WhiteTeamCountry "GER"]
[BlackTeamCountry "GER"]

1. e4 c5 2. Nf3 d6 3. d4 cxd4 4. Nxd4 Nf6 5. Nc3 a6 6. f4 Qc7 7. Qf3 Nc6 8. Nxc6 bxc6 9. b3 e5 10. Bc4 d5 11. exd5 Bc5 12. fxe5 Qxe5+ 13. Qe2 Qxe2+ 14. Bxe2 cxd5 15. Bb2 Be3 16. Bf3 Be6 17. Nd1 Bc5 18. Bxf6 gxf6 19. a3 Rc8 20. Kd2 a5 21. Be2 Rg8 22. g3 Ke7 23. Bd3 h5 24. Ne3 Bd4 25. Raf1 Bc3+ 26. Kc1 Be5 27. a4 0-1

[Event "Rhein Main op 07th"]
[Site "Bad Homburg"]
[Date "2004.06.10"]
[Round "2.11"]
[White "Foerster, Rudi"]
[Black "Roeschlau, Bernd"]
[Result "0-1"]
[WhiteElo "1764"]
[BlackElo "2206"]
[PlyCount "66"]
[EventDate "2004.06.09"]
[EventType "swiss"]
[EventRounds "7"]
[EventCountry "GER"]
[SourceTitle "CBM 100 Extra"]
[Source "ChessBase"]
[SourceDate "2004.07.06"]
[SourceVersion "2"]
[SourceVersionDate "2004.07.06"]
[SourceQuality "1"]

1. e4 c5 2. c3 d5 3. exd5 Qxd5 4. d4 g6 5. Nf3 Bg7 6. Bb5+ Nd7 7. 0-0 a6 8. c4 Qd6 9. Bxd7+ Bxd7 10. d5 b5 11. Na3 Nf6 12. Re1 0-0 13. Bg5 Rfe8 14. Bxf6 Bxf6 15. Qd2 b4 16. Nb1 e6 17. dxe6 Rxe6 18. Qxd6 Rxd6 19. Nbd2 Bxb2 20. Ne4 Rc6 21. Rad1 Be6 22. Re2 Bg7 23. Rc2 h6 24. Rd6 Bf5 25. Nf6+ Bxf6 26. Rxc6 Bxc2 27. Rxf6 Bb1 28. Ne5 Bxa2 29. f4 a5 30. Rxf7 a4 31. Rc7 b3 32. Nd7 b2 33. Nf6+ Kf8 0-1

[Event "Hessen-ch M"]
[Site "Moerlenbach"]
[Date "2004.04.10"]
[Round "11"]
[White "Felczer, Kevin"]
[Black "Roeschlau, Bernd"]
[Result "1-0"]
[WhiteElo "2243"]
[BlackElo "2295"]
[PlyCount "97"]
[EventDate "2004.04.18"]
[EventType "tourn"]
[EventRounds "11"]
[EventCountry "GER"]
[SourceTitle "EXT 2005"]
[Source "ChessBase"]
[SourceDate "2004.11.15"]
[SourceVersion "1"]
[SourceVersionDate "2004.11.15"]
[SourceQuality "1"]

1. e4 c5 2. c3 Nf6 3. e5 Nd5 4. d4 cxd4 5. Nf3 Nc6 6. Bc4 Nb6 7. Bb3 g6 8. cxd4 Bg7 9. 0-0 0-0 10. h3 d6 11. Qe2 a5 12. a4 d5 13. Nc3 Bf5 14. Rd1 Nb4 15. Bf4 Qd7 16. g4 Be6 17. Ng5 Rac8 18. Nxe6 fxe6 19. Bg5 Nc4 20. Rac1 Qe8 21. Kg2 Qf7 22. Na2 h6 23. Nxb4 hxg5 24. Nd3 b6 25. Rc3 Qe8 26. Rdc1 Qd7 27. Bd1 b5 28. b3 b4 29. R3c2 Qb7 30. Kg3 Qa7 31. bxc4 Qxd4 32. cxd5 Rxc2 33. Rxc2 Qxd5 34. Rc5 Qh1 35. Qe1 Qb7 36. f3 Qd7 37. Qe4 Rd8 38. Bc2 b3 39. Bb1 Rb8 40. Qxg6 Qd4 41. Qxe6+ Kf8 42. Rc8+ Rxc8 43. Qxc8+ Kf7 44. Qc5 Qxc5 45. Nxc5 Bxe5+ 46. Kg2 b2 47. Kf1 Bd4 48. Nd3 Ke6 49. Ke2 1-0